| 000 | 02160nam a2200421 a 4500 | ||
|---|---|---|---|
| 001 | ebr10604257 | ||
| 003 | CaPaEBR | ||
| 006 | m u | ||
| 007 | cr cn||||||||| | ||
| 008 | 120823s2012 sz a sb 101 0 eng d | ||
| 010 | _z 2012405916 | ||
| 020 | _z9783037853580 (pbk.) | ||
| 020 | _z3037853581 (pbk.) | ||
| 020 | _z9783037853580 | ||
| 020 | _z9783038136880 (e-book) | ||
| 040 |
_aCaPaEBR _cCaPaEBR |
||
| 035 | _a(OCoLC)813285758 | ||
| 050 | 1 | 4 |
_aTS155 _b.M33334 2011eb |
| 111 | 2 |
_aManufacturing Engineering Society International Conference _n(4th : _d2011 : _cC�adiz, Spain) |
|
| 245 | 1 | 0 |
_aAdvances in manufacturing systems _h[electronic resource] : _bselected, peer reviewed papers from the 4th Manufacturing Engineering Society International Conference, September 2011, Cadiz, Spain / _cedited by M. Marcos, J. Salguero and A. Pastor. |
| 246 | 3 | 0 | _a4th Manufacturing Engineering Society International Conference |
| 246 | 3 | _aFourth Manufacturing Engineering Society International Conference | |
| 246 | 3 | 0 | _aManufacturing Engineering Society International Conference |
| 260 |
_aDurnten-Zurich, Switzerland : _bTrans Tech Publications Ltd ; _aEnfield, N.H. : _bDistributed in the Americas by Trans Tech Publications Inc., _cc2012. |
||
| 300 |
_aviii, 146 p. : _bill. |
||
| 440 | 0 |
_aKey engineering materials, _x1013-9826 ; _vv. 502 |
|
| 504 | _aIncludes bibliographical references and indexes. | ||
| 533 |
_aElectronic reproduction. _bPalo Alto, Calif. : _cebrary, _d2011. _nAvailable via World Wide Web. _nAccess may be limited to ebrary affiliated libraries. |
||
| 650 | 0 |
_aManufacturing processes _xTechnological innovations _vCongresses. |
|
| 650 | 0 |
_aComputer integrated manufacturing systems _xTechnological innovations _vCongresses. |
|
| 650 | 0 |
_aProduction engineering _xTechnological innovations _vCongresses. |
|
| 655 | 7 |
_aElectronic books. _2local |
|
| 700 | 1 |
_aMarcos, M. _q(Mariano) |
|
| 700 | 1 |
_aSalguero, J. _q(Jorge) |
|
| 700 | 1 |
_aPastor, A. _q(Andres) |
|
| 710 | 2 | _aebrary, Inc. | |
| 856 | 4 | 0 |
_uhttp://site.ebrary.com/lib/rucke/Doc?id=10604257 _zAn electronic book accessible through the World Wide Web; click to view |
| 999 |
_c99895 _d99895 |
||